Music Quiz

Random Music or Singers Quiz
Score 0/7 Timer 02:00
0 Plays Today
% Correct
Twerks
86.6%
Dances with a giant teddy bear on her back
86.2%
Makes out with a doll of herself
83.4%
Breaks open a piñata with hotdogs inside
71.3%
Rides a stationary bike
65.6%
Cuts off a house arrest anklet
63.7%
Walks around with taxidermy
61.6%
Remove Ads.
Support Sporcle.
Get the best of Sporcle when you Go Orange. This ad-free experience offers more features, more stats, and more fun while also helping to support Sporcle. Thank you for becoming a member.

You're not logged in!

Compare scores with friends on all Sporcle quizzes.
OR
Log In

Show Comments

Extras

Top Quizzes Today


Score Distribution

Your Account Isn't Verified!

In order to create a playlist on Sporcle, you need to verify the email address you used during registration. Go to your Sporcle Settings to finish the process.

Report this User

Report this user for behavior that violates our Community Guidelines.

Details: